1692 1188 1718 1024 1455 1651 1296 1496 1328 1385 1858 1147 1330 1270 1803 1593 1613 1381 1387 1843 1389 1256 1173 1493 1324 1697 1458 1902 1755 1596 1633 1052 1969 1578 1840 1198 1915 1914 1206 1590 1284 1713 1130 1530 1787 1443 1314 1666 1930 1640 1664 1997 1292 1666 1316 1029 1542 1342 1356 1557 1998 1562 1495 1595 1472 1193 1072 1714 1100 1864 1635 1017 1636 1849 1231 1134 1405 1541 1926 1325 1370 1532 1710 1808 1626 1227 1566 1437 1604 1193 1692 1064 1025 1998 1742 1347 1842 1555 1125 BCNSPRNW ULIB Ver.6.0+V

เปลี่ยนเป็นภาษาไทย

Change to English
 แสดงรายละเอียดบรรณานุกรม
  กลับหน้าหลัก

Brief Record : Get Marc (ISO 2709) : E-mail record : QR code < ปิดหน้าต่าง
LEADER : 00000nam 2200000uu 4500
001    13399112634
003     ULIB
008    110829s2548||||th 000 0 tha d
020    9746110837
050  4 HV859.T5^bส719ก ล.1 2548
245 00 การจัดการสถานเลี้ยงเด็กในชุมชน =^bManagement of child care centers /^cสาขาวิชาคหกรรมศาสตร์ มหาวิทยาลัยสุโขทัยธรรมาธิราช
246 31 Management of child care centers
250    พิมพ์ครั้งที่ 8
260    นนทบุรี :^bสำนักพิมพ์มหาวิทยาลัยสุโขทัยธรรมาธิราช,^c2548
300    2 เล่ม :^bภาพประกอบ ;^c30 ซม.
500    "เอกสารการสอนชุดวิชา 70423 หน่วยที่ 1-7, 8-15"- หน้าปกใน
650  4 เด็ก^xการดูแลและสุขวิทยา
650  4 สถานเลี้ยงเด็ก^xการจัดการ
710 2  มหาวิทยาลัยสุโขทัยธรรมาธิราช. ^bสาขาวิชาคหกรรมศาสตร์
945    ^p0^l0^i018534
995    ทศพร
999 ^a ทศพร
รายการนี้ยังไม่มีแท็ก
คุณยังไม่ได้ล็อกอิน คุณสามารถมีกิจกรรมร่วมกับเว็บไซต์ได้ แต่ต้องล็อกอินก่อน ::
  ล็อกอิน

รายการสื่อสารสนเทศ

ลำดับที่ ประเภท เลขเรียก/บาร์โค้ด สถานที่ สถานะ
- ไม่พบข้อมูล -

BibComment


ยังไม่เคยถูกคอมเมนท์

คอมเมนท์ทรัพยากรรายการนี้
  คอมเมนท์: การจัดการสถานเลี้..


 Copyright 2026. Bcnsprnw @Library